Which Country are these people Head of Government for? - Statistics

General Stats
  • This quiz has been taken 38 times
  • The average score is 10 of 16
Answer Stats
Hint Answer % Correct
Angela Merkel Germany
97%
Theresa May United Kingdom
95%
Justin Trudeau Canada
92%
Benjamin Netanyahu Israel
86%
Shinzō Abe Japan
86%
Recep Tayyip Erdoğan Turkey
84%
Hassan Rouhani Iran
68%
Stefan Löfven Sweden
65%
Scott Morrison Australia
57%
Pedro Sánchez Spain
51%
Volodymyr Groysman Ukraine
49%
Jacinda Ardern New Zealand
46%
Leo Varadkar Ireland
35%
Édouard Philippe France
24%
Cyril Ramaphosa South Africa
24%
Abdullah Abdullah Afghanistan
16%
No matching quizzes found
Score Distribution
Percent of People with Each Score
Percentile by Number Answered
Your Score History
You have not taken this quiz